000 00315nam a2200133Ia 4500
008 240624s9999 xx 000 0 und d
041 _aeng
082 _a658.84 TRE
100 _aTREPPER CHARLES
245 _aECOMMERCE STRATEGIES
260 _c2001
_aNew Delhi
_bPrentice-Hall
300 _axxiii, : 341
365 _cRS
999 _c284
_d284